000 00309nam a22001337a 4500
008 181218b xxu||||| |||| 00| 0 eng d
020 _a0226398773
041 _aeng
080 _a371
100 _a46
101 _aEDU
245 _aGrowth and Structure of the English Language
_cQuirk, R
942 _2udc
_cBK
999 _c53443
_d53443